000 00405nam a2200181Ia 4500
005 20250603144626.0
008 250603s9999 xx 000 0 und d
020 _a978-978-53316-8-4
050 _aKP 97 .A3/
100 _aAdebayo, A.M.
245 0 _aCase book on Law of contract
260 _aLagos
260 _bPrinceton
260 _c2015
300 _a675 p
650 _aLagos
942 _cBK
999 _c39473
_d39473